000 00789nam a22002297a 4500
010 _aENG-122200
020 _a9789352533138 (v.2)
_c595.00
035 _aB-685823-841
035 _aEN-105732
037 B _bAsian
_adpl
082 _a657
100 _aShukla, M.C.
245 _aAdvanced accounts volume II /
_cby M.C. Shukla, T.S. Grewal [and] S.C. Gupta
250 _a19th ed
260 _aNew Delhi
_bS. Chand
_c2016
270 _a7361, Ram Nagar,
_bNew Delhi
_e110055
300 _avarious pagings
_c23cm(pbk)
700 _aGrewal, T.S.
700 _aGupta, S.C.
942 _2ddc
_cEN
_mSHU
_h657
999 _c145959
_d145959